[Event "Team Championship Russia (Blitz, Men)"]
[Site "Sochi"]
[Date "2018.10.10"]
[Round "6.29"]
[White "Nechaev, Oleg"]
[Black "Girshgorn, Leonid"]
[Result "0-1"]
[BlackElo "2242"]
[WhiteElo "2327"]
[LiveChessVersion "1.4.8"]

1. d4 {[%clk 0:03:02]} Nf6 {[%clk 0:03:02]} 2. Bg5 {[%clk 0:03:02]} Ne4
{[%clk 0:02:59]} 3. Bf4 {[%clk 0:03:04]} c5 {[%clk 0:03:00]} 4. f3
{[%clk 0:03:04]} Qa5+ {[%clk 0:02:58]} 5. c3 {[%clk 0:03:06]} Nf6
{[%clk 0:02:58]} 6. d5 {[%clk 0:03:07]} d6 {[%clk 0:02:57]} 7. e4
{[%clk 0:03:08]} g6 {[%clk 0:02:58]} 8. Na3 {[%clk 0:03:08]} Bg7 {[%clk 0:02:57]}
9. Nc4 {[%clk 0:03:09]} Qc7 {[%clk 0:02:46]} 10. a4 {[%clk 0:03:11]} O-O
{[%clk 0:02:41]} 11. Ne2 {[%clk 0:03:12]} b6 {[%clk 0:02:17]} 12. Ng3
{[%clk 0:03:12]} h5 {[%clk 0:02:14]} 13. Bd3 {[%clk 0:03:08]} h4 {[%clk 0:02:13]}
14. Ne2 {[%clk 0:03:08]} Nbd7 {[%clk 0:01:57]} 15. O-O {[%clk 0:03:08]} Bb7
{[%clk 0:01:47]} 16. Qe1 {[%clk 0:03:07]} h3 {[%clk 0:01:47]} 17. g4
{[%clk 0:03:03]} a6 {[%clk 0:01:49]} 18. Qh4 b5 19. Ne3 {[%clk 0:02:28]} c4
{[%clk 0:01:43]} 20. Bc2 {[%clk 0:02:29]} e6 {[%clk 0:01:02]} 21. dxe6
{[%clk 0:02:24]} fxe6 {[%clk 0:01:01]} 22. Rad1 {[%clk 0:02:16]} Qc5
{[%clk 0:00:52]} 23. Kh1 {[%clk 0:02:02]} Nh7 {[%clk 0:00:19]} 24. Qf2
{[%clk 0:01:07]} Ne5 {[%clk 0:00:12]} 25. g5 {[%clk 0:00:34]} Rf7
{[%clk 0:00:11]} 26. Nd4 {[%clk 0:00:12]} Qc8 {[%clk 0:00:05]} 27. Qg3
{[%clk 0:00:12]} Qd7 {[%clk 0:00:04]} 28. Rd2 {[%clk 0:00:12]} Raf8
{[%clk 0:00:05]} 29. Ne2 {[%clk 0:00:11]} Qe7 {[%clk 0:00:04]} 30. Rfd1
{[%clk 0:00:11]} Rxf4 {[%clk 0:00:03]} 31. Nxf4 {[%clk 0:00:10]} Nxg5
{[%clk 0:00:04]} 32. Rxd6 {[%clk 0:00:07]} Nexf3 {[%clk 0:00:04]} 33. Rd7
{[%clk 0:00:08]} Qc5 {[%clk 0:00:03]} 34. Ng4 {[%clk 0:00:07]} Nxe4
{[%clk 0:00:03]} 35. Bxe4 {[%clk 0:00:05]} Bxe4 {[%clk 0:00:04]} 36. Nf2
{[%clk 0:00:06]} Qe3 {[%clk 0:00:03]} 37. Nxe4 {[%clk 0:00:06]} Qxe4
{[%clk 0:00:04]} 38. Qxh3 {[%clk 0:00:03]} Ng5+ {[%clk 0:00:05]} 39. Qg2
{[%clk 0:00:04]} Qxf4 {[%clk 0:00:06]} 40. Rb7 {[%clk 0:00:05]} Ne4
{[%clk 0:00:06]} 41. Rdd7 {[%clk 0:00:06]} Nf2+ {[%clk 0:00:08]} 42. Kg1
{[%clk 0:00:07]} Qc1+ {[%clk 0:00:07]} 43. Qf1 Nh3+ {[%clk 0:00:11]} 44. Kg2
{[%clk 0:00:11]} Qxf1+ 45. Kg3 {[%clk 0:00:13]} Qf3+ {[%clk 0:00:12]} 0-1

[Event "Team Championship Russia (Blitz, Men)"]
[Site "Sochi"]
[Date "2018.10.10"]
[Round "6.30"]
[White "Tsvetkov, Andrey"]
[Black "Tekeyev, Zaur"]
[Result "1-0"]
[BlackElo "2301"]
[WhiteElo "2215"]
[LiveChessVersion "1.4.8"]

1. d4 {[%clk 0:03:03]} Nf6 {[%clk 0:03:03]} 2. c4 {[%clk 0:03:05]} g6
{[%clk 0:03:05]} 3. Nc3 {[%clk 0:03:06]} Bg7 {[%clk 0:03:06]} 4. e4
{[%clk 0:03:07]} O-O {[%clk 0:03:06]} 5. Nf3 {[%clk 0:03:09]} d6 6. Be2 e5
{[%clk 0:03:04]} 7. Be3 {[%clk 0:03:09]} Na6 {[%clk 0:03:04]} 8. O-O
{[%clk 0:03:08]} c6 {[%clk 0:03:05]} 9. d5 {[%clk 0:02:52]} Ng4 {[%clk 0:03:06]}
10. Bg5 {[%clk 0:02:49]} f6 {[%clk 0:03:07]} 11. Bd2 {[%clk 0:02:48]} c5
{[%clk 0:03:06]} 12. Qc1 {[%clk 0:02:26]} f5 {[%clk 0:02:58]} 13. exf5
{[%clk 0:02:05]} gxf5 {[%clk 0:02:58]} 14. Ng5 {[%clk 0:02:01]} Nf6
{[%clk 0:02:48]} 15. Qc2 {[%clk 0:01:44]} Nc7 {[%clk 0:02:43]} 16. f3
{[%clk 0:01:17]} Qe8 {[%clk 0:02:28]} 17. Rae1 {[%clk 0:01:09]} Qg6
{[%clk 0:02:20]} 18. Nh3 {[%clk 0:01:08]} a6 {[%clk 0:02:18]} 19. Kh1
{[%clk 0:01:05]} Bd7 {[%clk 0:02:17]} 20. a4 {[%clk 0:00:59]} Kh8
{[%clk 0:02:17]} 21. Nf2 {[%clk 0:00:58]} Rg8 {[%clk 0:02:11]} 22. g4
{[%clk 0:00:52]} Bh6 {[%clk 0:01:52]} 23. Rg1 {[%clk 0:00:42]} Bxd2
{[%clk 0:01:44]} 24. Qxd2 {[%clk 0:00:43]} Qf7 {[%clk 0:00:47]} 25. gxf5
{[%clk 0:00:26]} Nh5 {[%clk 0:00:41]} 26. Nce4 {[%clk 0:00:25]} Nf4
{[%clk 0:00:09]} 27. Nxd6 {[%clk 0:00:25]} Qh5 {[%clk 0:00:10]} 28. Ng4
{[%clk 0:00:20]} Raf8 {[%clk 0:00:03]} 29. Nxe5 {[%clk 0:00:20]} Rxg1+
{[%clk 0:00:04]} 30. Rxg1 {[%clk 0:00:21]} Bxf5 {[%clk 0:00:03]} 31. Qxf4
{[%clk 0:00:18]} 1-0

[Event "Team Championship Russia (Blitz, Men)"]
[Site "Sochi"]
[Date "2018.10.10"]
[Round "6.32"]
[White "Dudin, Gleb"]
[Black "Nuristani, Iman"]
[Result "0-1"]
[BlackElo "2295"]
[WhiteElo "2079"]
[LiveChessVersion "1.4.8"]

1. c4 {[%clk 0:03:03]} Nf6 {[%clk 0:03:00]} 2. Nc3 {[%clk 0:03:03]} e6
{[%clk 0:03:01]} 3. e4 {[%clk 0:03:04]} d5 {[%clk 0:02:25]} 4. e5
{[%clk 0:03:05]} d4 {[%clk 0:01:55]} 5. exf6 {[%clk 0:03:05]} dxc3
{[%clk 0:01:56]} 6. bxc3 {[%clk 0:03:06]} Qxf6 {[%clk 0:01:40]} 7. Nf3
{[%clk 0:03:07]} b6 {[%clk 0:01:29]} 8. d4 {[%clk 0:02:59]} h6 {[%clk 0:01:29]}
9. Be2 {[%clk 0:02:54]} Bb7 {[%clk 0:01:30]} 10. O-O {[%clk 0:02:52]} Nd7
{[%clk 0:01:21]} 11. Be3 {[%clk 0:02:21]} Be7 {[%clk 0:01:14]} 12. Qa4
{[%clk 0:02:14]} c6 {[%clk 0:00:36]} 13. Nd2 {[%clk 0:01:32]} O-O
{[%clk 0:00:33]} 14. Bf3 {[%clk 0:01:24]} e5 {[%clk 0:00:32]} 15. Qc2
{[%clk 0:00:41]} Rac8 {[%clk 0:00:26]} 16. a4 {[%clk 0:00:41]} Ba6
{[%clk 0:00:22]} 17. a5 {[%clk 0:00:36]} b5 {[%clk 0:00:21]} 18. c5
{[%clk 0:00:16]} b4 {[%clk 0:00:16]} 19. Rfe1 {[%clk 0:00:09]} bxc3
{[%clk 0:00:15]} 20. Qxc3 {[%clk 0:00:10]} Qe6 {[%clk 0:00:10]} 21. dxe5
{[%clk 0:00:06]} Qxe5 {[%clk 0:00:10]} 22. Bd4 Qg5 23. Rxe7 {[%clk 0:00:05]} Qxe7
{[%clk 0:00:12]} 24. Bxg7 {[%clk 0:00:06]} Qxc5 {[%clk 0:00:09]} 25. Qb2
{[%clk 0:00:05]} Qb5 {[%clk 0:00:08]} 26. Qd4 {[%clk 0:00:04]} Qg5
{[%clk 0:00:07]} 27. Bxf8 Nxf8 28. Ne4 {[%clk 0:00:04]} Qg7 {[%clk 0:00:07]} 29.
Qd6 {[%clk 0:00:03]} Qxa1+ {[%clk 0:00:08]} 0-1

[Event "Team Championship Russia (Blitz, Men)"]
[Site "Sochi"]
[Date "2018.10.10"]
[Round "6.33"]
[White "Chos, Alexey"]
[Black "Garifullina, Leya"]
[Result "0-1"]
[BlackElo "1962"]
[WhiteElo "2229"]
[LiveChessVersion "1.4.8"]

1. Nf3 {[%clk 0:03:03]} d5 {[%clk 0:03:03]} 2. g3 {[%clk 0:03:03]} e6
{[%clk 0:03:04]} 3. Bg2 {[%clk 0:03:04]} Nf6 {[%clk 0:03:05]} 4. O-O
{[%clk 0:03:05]} Be7 {[%clk 0:03:06]} 5. d3 {[%clk 0:03:06]} O-O {[%clk 0:03:07]}
6. Nbd2 {[%clk 0:03:07]} c5 {[%clk 0:03:09]} 7. e4 {[%clk 0:03:07]} Nc6
{[%clk 0:03:10]} 8. c3 {[%clk 0:03:07]} Qc7 {[%clk 0:03:06]} 9. Qe2
{[%clk 0:03:06]} b5 {[%clk 0:02:41]} 10. h3 {[%clk 0:03:03]} b4 {[%clk 0:02:30]}
11. g4 {[%clk 0:03:02]} Ba6 {[%clk 0:02:11]} 12. g5 {[%clk 0:02:48]} Nh5
{[%clk 0:01:45]} 13. exd5 {[%clk 0:02:25]} Nf4 {[%clk 0:01:40]} 14. Qd1
{[%clk 0:02:14]} exd5 {[%clk 0:01:39]} 15. c4 {[%clk 0:02:05]} dxc4
{[%clk 0:01:39]} 16. Nxc4 {[%clk 0:02:04]} Nxg2 {[%clk 0:01:40]} 17. Kxg2
{[%clk 0:02:04]} Nd4 {[%clk 0:01:35]} 18. Nxd4 {[%clk 0:02:01]} cxd4
{[%clk 0:01:36]} 19. b3 {[%clk 0:02:01]} Bb7+ {[%clk 0:01:37]} 20. f3
{[%clk 0:02:00]} Qc5 {[%clk 0:01:27]} 21. Re1 {[%clk 0:01:52]} Rfe8
{[%clk 0:01:20]} 22. Re5 {[%clk 0:01:52]} Qc7 {[%clk 0:01:02]} 23. Bf4
{[%clk 0:01:52]} Qd7 {[%clk 0:01:03]} 24. Qe2 {[%clk 0:01:43]} Bf8
{[%clk 0:01:02]} 25. Re1 {[%clk 0:01:42]} Rxe5 {[%clk 0:01:02]} 26. Qxe5
{[%clk 0:01:42]} Qc6 {[%clk 0:00:56]} 27. Qe4 {[%clk 0:01:35]} Qa6
{[%clk 0:00:57]} 28. Qe2 {[%clk 0:01:34]} Qg6 {[%clk 0:00:46]} 29. Qd2
{[%clk 0:01:26]} Qc6 {[%clk 0:00:27]} 30. Re4 {[%clk 0:01:20]} Qd7
{[%clk 0:00:25]} 31. Ne5 {[%clk 0:01:15]} Qd8 {[%clk 0:00:24]} 32. Re1
{[%clk 0:01:11]} Rc8 {[%clk 0:00:22]} 33. Nc4 {[%clk 0:01:09]} Qd5
{[%clk 0:00:14]} 34. Qf2 {[%clk 0:01:04]} Qf5 {[%clk 0:00:14]} 35. Qxd4
{[%clk 0:00:56]} Bc5 {[%clk 0:00:13]} 36. Nd6 {[%clk 0:00:38]} Qd7
{[%clk 0:00:09]} 37. Qxc5 {[%clk 0:00:37]} Rxc5 {[%clk 0:00:09]} 38. Nxb7
{[%clk 0:00:36]} Rc2+ {[%clk 0:00:08]} 39. Kg3 {[%clk 0:00:37]} h5
{[%clk 0:00:07]} 40. gxh6 {[%clk 0:00:36]} Qxb7 {[%clk 0:00:08]} 41. Re8+
{[%clk 0:00:32]} Kh7 {[%clk 0:00:09]} 42. hxg7 {[%clk 0:00:32]} Kxg7
{[%clk 0:00:10]} 43. Be5+ {[%clk 0:00:32]} f6 {[%clk 0:00:12]} 44. Bd6
{[%clk 0:00:34]} Kg6 {[%clk 0:00:13]} 45. Rg8+ {[%clk 0:00:34]} Kf7
{[%clk 0:00:13]} 46. Rh8 {[%clk 0:00:34]} Ke6 {[%clk 0:00:15]} 47. Bf4
{[%clk 0:00:33]} Rxa2 {[%clk 0:00:15]} 48. Re8+ {[%clk 0:00:34]} Kf7
{[%clk 0:00:16]} 49. Rh8 {[%clk 0:00:34]} Kg7 {[%clk 0:00:17]} 50. Rd8
{[%clk 0:00:33]} Ra3 {[%clk 0:00:17]} 51. d4 Rxb3 52. d5 {[%clk 0:00:32]} a5
{[%clk 0:00:18]} 53. Rd6 {[%clk 0:00:30]} a4 {[%clk 0:00:18]} 54. Rc6
{[%clk 0:00:31]} Rc3 {[%clk 0:00:18]} 55. Rd6 {[%clk 0:00:26]} a3
{[%clk 0:00:19]} 56. h4 {[%clk 0:00:27]} a2 {[%clk 0:00:20]} 57. h5
{[%clk 0:00:26]} a1=Q {[%clk 0:00:19]} 58. h6+ {[%clk 0:00:27]} Kg6
{[%clk 0:00:19]} 59. Rd8 {[%clk 0:00:21]} Qg1+ {[%clk 0:00:20]} 60. Kh4
{[%clk 0:00:21]} Qh7 {[%clk 0:00:19]} 61. d6 {[%clk 0:00:17]} Rxf3
{[%clk 0:00:20]} 62. Rg8+ {[%clk 0:00:14]} Qxg8 {[%clk 0:00:19]} 63. d7
{[%clk 0:00:15]} Rxf4+ {[%clk 0:00:20]} 64. Kh3 {[%clk 0:00:16]} Qe6#
{[%clk 0:00:21]} 0-1

[Event "Team Championship Russia (Blitz, Men)"]
[Site "Sochi"]
[Date "2018.10.10"]
[Round "6.35"]
[White "Alexeev, Alexey"]
[Black "Kharitonov, Egor"]
[Result "1-0"]
[BlackElo "1686"]
[WhiteElo "2363"]
[LiveChessVersion "1.4.8"]

1. e4 {[%clk 0:03:03]} c5 {[%clk 0:03:03]} 2. Nf3 {[%clk 0:03:04]} e6
{[%clk 0:03:04]} 3. g3 {[%clk 0:03:05]} b6 {[%clk 0:03:03]} 4. Bg2
{[%clk 0:03:03]} Bb7 {[%clk 0:03:04]} 5. Qe2 {[%clk 0:03:04]} d6 {[%clk 0:02:58]}
6. d4 {[%clk 0:03:04]} cxd4 7. Nxd4 {[%clk 0:03:05]} Nf6 {[%clk 0:02:43]} 8. O-O
{[%clk 0:03:05]} Be7 {[%clk 0:02:30]} 9. Rd1 {[%clk 0:02:55]} O-O
{[%clk 0:01:41]} 10. e5 {[%clk 0:02:50]} Nd5 {[%clk 0:01:41]} 11. exd6
{[%clk 0:02:36]} Bf6 {[%clk 0:01:02]} 12. c4 {[%clk 0:02:35]} Bxd4
{[%clk 0:01:02]} 13. Rxd4 {[%clk 0:02:29]} Nc6 {[%clk 0:01:03]} 14. Rd1
{[%clk 0:02:13]} Nf6 {[%clk 0:01:04]} 15. Nc3 {[%clk 0:02:08]} Qd7
{[%clk 0:01:00]} 16. Bg5 {[%clk 0:02:04]} Ne8 {[%clk 0:00:54]} 17. Rd2
{[%clk 0:01:44]} f6 {[%clk 0:00:52]} 18. Be3 {[%clk 0:01:45]} Rc8
{[%clk 0:00:41]} 19. Rad1 {[%clk 0:01:35]} Ne5 {[%clk 0:00:38]} 20. b3
{[%clk 0:01:31]} Bxg2 {[%clk 0:00:37]} 21. Kxg2 {[%clk 0:01:32]} Rc6
{[%clk 0:00:35]} 22. f4 {[%clk 0:01:21]} Nf7 {[%clk 0:00:33]} 23. b4
{[%clk 0:01:12]} Rxd6 {[%clk 0:00:25]} 24. Rxd6 {[%clk 0:01:07]} Nexd6
{[%clk 0:00:25]} 25. c5 {[%clk 0:01:05]} Qb7+ {[%clk 0:00:26]} 26. Qf3
{[%clk 0:01:06]} Qxf3+ {[%clk 0:00:18]} 27. Kxf3 {[%clk 0:01:07]} Nc4
{[%clk 0:00:19]} 28. Rd7 {[%clk 0:00:57]} Rc8 {[%clk 0:00:07]} 29. Rxa7
{[%clk 0:00:54]} Nxe3 {[%clk 0:00:08]} 30. Kxe3 {[%clk 0:00:55]} bxc5
{[%clk 0:00:09]} 31. bxc5 {[%clk 0:00:55]} Nd8 {[%clk 0:00:06]} 32. Ne4
{[%clk 0:00:44]} h6 {[%clk 0:00:03]} 33. a4 {[%clk 0:00:37]} f5 {[%clk 0:00:05]}
34. Nd6 {[%clk 0:00:36]} Rxc5 {[%clk 0:00:04]} 35. Ra8 {[%clk 0:00:36]} Rc3+
{[%clk 0:00:04]} 36. Kd4 {[%clk 0:00:33]} Rc1 {[%clk 0:00:05]} 37. Rxd8+
{[%clk 0:00:33]} Kh7 {[%clk 0:00:06]} 38. h4 {[%clk 0:00:25]} Ra1
{[%clk 0:00:07]} 39. Ra8 {[%clk 0:00:25]} Rd1+ {[%clk 0:00:07]} 40. Kc5
{[%clk 0:00:23]} Rd5+ {[%clk 0:00:07]} 41. Kc6 {[%clk 0:00:24]} Rd3
{[%clk 0:00:09]} 42. a5 {[%clk 0:00:20]} Rxg3 43. a6 Rc3+ {[%clk 0:00:10]} 44.
Kb6 {[%clk 0:00:21]} Rb3+ {[%clk 0:00:11]} 45. Nb5 {[%clk 0:00:22]} Rb4
{[%clk 0:00:11]} 46. a7 {[%clk 0:00:23]} Rxf4 {[%clk 0:00:11]} 47. Re8
{[%clk 0:00:19]} Ra4 {[%clk 0:00:12]} 48. a8=Q {[%clk 0:00:17]} Rxa8
{[%clk 0:00:13]} 49. Rxa8 {[%clk 0:00:18]} e5 {[%clk 0:00:14]} 50. h5
{[%clk 0:00:17]} e4 {[%clk 0:00:15]} 51. Rf8 {[%clk 0:00:15]} e3 {[%clk 0:00:16]}
52. Rxf5 {[%clk 0:00:16]} e2 {[%clk 0:00:17]} 53. Re5 {[%clk 0:00:17]} 1-0

[Event "Team Championship Russia (Blitz, Men)"]
[Site "Sochi"]
[Date "2018.10.10"]
[Round "7.2"]
[White "Lysyj, Igor"]
[Black "Morozevich, Alexander"]
[Result "1/2-1/2"]
[BlackElo "2677"]
[WhiteElo "2575"]
[LiveChessVersion "1.4.8"]

1. d4 {[%clk 0:03:02]} Nf6 {[%clk 0:03:03]} 2. c4 {[%clk 0:03:03]} c5
{[%clk 0:03:04]} 3. d5 {[%clk 0:03:04]} g6 {[%clk 0:03:05]} 4. Nc3
{[%clk 0:03:05]} Bg7 {[%clk 0:03:06]} 5. e4 {[%clk 0:03:05]} O-O {[%clk 0:03:07]}
6. Nf3 {[%clk 0:03:06]} d6 {[%clk 0:03:08]} 7. Be2 {[%clk 0:03:07]} e6
{[%clk 0:03:09]} 8. O-O {[%clk 0:03:07]} Re8 {[%clk 0:03:10]} 9. h3
{[%clk 0:03:06]} exd5 {[%clk 0:03:09]} 10. exd5 {[%clk 0:03:07]} Na6
{[%clk 0:03:05]} 11. Bd3 {[%clk 0:03:04]} Nc7 {[%clk 0:03:06]} 12. a4
{[%clk 0:02:57]} Na6 {[%clk 0:02:48]} 13. Bf4 {[%clk 0:02:57]} Nb4
{[%clk 0:02:49]} 14. Bb1 {[%clk 0:02:57]} a6 {[%clk 0:02:50]} 15. Ra3
{[%clk 0:02:48]} Bf8 {[%clk 0:02:43]} 16. Re1 {[%clk 0:02:31]} Rxe1+
{[%clk 0:02:36]} 17. Qxe1 {[%clk 0:02:31]} Bd7 {[%clk 0:02:37]} 18. Qd1
{[%clk 0:02:20]} Qc7 {[%clk 0:02:20]} 19. Nd2 {[%clk 0:02:05]} Nh5
{[%clk 0:02:06]} 20. Bh2 {[%clk 0:02:03]} f5 {[%clk 0:02:07]} 21. g4
{[%clk 0:01:09]} Ng7 {[%clk 0:02:08]} 22. Nf1 {[%clk 0:00:42]} Re8
{[%clk 0:02:06]} 23. Ne3 {[%clk 0:00:43]} Qd8 {[%clk 0:01:48]} 24. Qf3
{[%clk 0:00:35]} Qh4 {[%clk 0:01:27]} 25. Kg2 {[%clk 0:00:34]} Be7
{[%clk 0:00:35]} 26. Ne2 {[%clk 0:00:22]} Rf8 {[%clk 0:00:35]} 27. Bg3
{[%clk 0:00:12]} Qf6 {[%clk 0:00:36]} 28. gxf5 {[%clk 0:00:09]} Nxf5
{[%clk 0:00:36]} 29. Nxf5 {[%clk 0:00:09]} Bxf5 {[%clk 0:00:32]} 30. Bxf5
{[%clk 0:00:10]} Qxf5 {[%clk 0:00:32]} 31. Qxf5 {[%clk 0:00:11]} Rxf5
{[%clk 0:00:34]} 32. Re3 {[%clk 0:00:12]} Kf7 {[%clk 0:00:31]} 33. Re6
{[%clk 0:00:12]} Rf6 {[%clk 0:00:30]} 34. Rxf6+ {[%clk 0:00:12]} Kxf6
{[%clk 0:00:30]} 35. b3 {[%clk 0:00:11]} b5 {[%clk 0:00:18]} 36. axb5
{[%clk 0:00:10]} axb5 {[%clk 0:00:19]} 37. Kf3 {[%clk 0:00:11]} bxc4
{[%clk 0:00:19]} 38. bxc4 {[%clk 0:00:12]} Kf5 {[%clk 0:00:19]} 39. Nc3
{[%clk 0:00:12]} Nc2 {[%clk 0:00:18]} 40. Ke2 {[%clk 0:00:10]} Nd4+
{[%clk 0:00:16]} 41. Kd3 {[%clk 0:00:11]} Nf3 {[%clk 0:00:18]} 42. Nb5
{[%clk 0:00:09]} Ne5+ {[%clk 0:00:12]} 43. Bxe5 {[%clk 0:00:09]} Kxe5
{[%clk 0:00:13]} 44. Ke3 {[%clk 0:00:09]} Bg5+ 45. Kf3 h5 {[%clk 0:00:12]} 46.
Ke4+ 1/2-1/2

[Event "Team Championship Russia (Blitz, Men)"]
[Site "Sochi"]
[Date "2018.10.10"]
[Round "7.3"]
[White "Savchenko, Boris"]
[Black "Shcherbakov, Ruslan"]
[Result "0-1"]
[BlackElo "2501"]
[WhiteElo "2657"]
[LiveChessVersion "1.4.8"]

1. e4 {[%clk 0:03:03]} e5 {[%clk 0:03:02]} 2. f4 {[%clk 0:03:04]} d5
{[%clk 0:03:00]} 3. exd5 {[%clk 0:03:04]} exf4 {[%clk 0:03:02]} 4. Bb5+
{[%clk 0:03:04]} c6 {[%clk 0:02:56]} 5. dxc6 {[%clk 0:03:05]} Nxc6
{[%clk 0:02:57]} 6. d4 {[%clk 0:02:50]} Bd6 {[%clk 0:02:30]} 7. Nc3
{[%clk 0:02:39]} a6 {[%clk 0:02:23]} 8. Bxc6+ {[%clk 0:02:27]} bxc6
{[%clk 0:02:24]} 9. Qf3 {[%clk 0:02:27]} Ne7 {[%clk 0:01:28]} 10. Bxf4
{[%clk 0:02:26]} O-O {[%clk 0:01:27]} 11. Nge2 {[%clk 0:02:24]} Rb8
{[%clk 0:01:25]} 12. O-O-O {[%clk 0:02:22]} Be6 {[%clk 0:01:14]} 13. Rhe1
{[%clk 0:02:04]} Nd5 {[%clk 0:01:12]} 14. Bxd6 {[%clk 0:01:57]} Qxd6
{[%clk 0:01:13]} 15. Ne4 {[%clk 0:01:05]} Qb4 {[%clk 0:01:13]} 16. b3
{[%clk 0:01:02]} Qa3+ {[%clk 0:01:12]} 17. Kb1 {[%clk 0:01:03]} Nb4
{[%clk 0:00:37]} 18. Nc1 {[%clk 0:01:03]} Nxa2 {[%clk 0:00:34]} 19. Nxa2
{[%clk 0:00:46]} Bxb3 {[%clk 0:00:35]} 20. cxb3 {[%clk 0:00:47]} Rxb3+
{[%clk 0:00:37]} 21. Qxb3 {[%clk 0:00:47]} Qxb3+ {[%clk 0:00:38]} 22. Ka1
{[%clk 0:00:48]} h6 {[%clk 0:00:36]} 23. Rd2 {[%clk 0:00:41]} Qd5
{[%clk 0:00:36]} 24. Nac3 {[%clk 0:00:39]} Qc4 {[%clk 0:00:37]} 25. Rb1
{[%clk 0:00:38]} Re8 {[%clk 0:00:36]} 26. g4 {[%clk 0:00:27]} Rd8
{[%clk 0:00:37]} 27. Rbd1 {[%clk 0:00:20]} Qb4 {[%clk 0:00:35]} 28. Rb2
{[%clk 0:00:20]} Qc4 {[%clk 0:00:32]} 29. Rbd2 {[%clk 0:00:20]} a5
{[%clk 0:00:32]} 30. h4 {[%clk 0:00:21]} Rb8 {[%clk 0:00:30]} 31. g5
{[%clk 0:00:18]} hxg5 {[%clk 0:00:30]} 32. hxg5 {[%clk 0:00:19]} Rb3
{[%clk 0:00:27]} 33. Rc1 {[%clk 0:00:11]} Ra3+ {[%clk 0:00:23]} 34. Kb1
{[%clk 0:00:12]} Rb3+ {[%clk 0:00:24]} 35. Kc2 {[%clk 0:00:12]} a4
{[%clk 0:00:24]} 36. Rh2 {[%clk 0:00:08]} a3 {[%clk 0:00:21]} 37. Kd2
{[%clk 0:00:07]} Qxd4+ {[%clk 0:00:21]} 38. Ke2 {[%clk 0:00:03]} Rb2+
{[%clk 0:00:21]} 39. Kf3 {[%clk 0:00:04]} Rxh2 {[%clk 0:00:22]} 40. Rb1
{[%clk 0:00:04]} Rh3+ {[%clk 0:00:21]} 41. Kf4 {[%clk 0:00:04]} Rxc3
{[%clk 0:00:21]} 42. Kf5 {[%clk 0:00:03]} Qd5+ {[%clk 0:00:21]} 43. Kf4
{[%clk 0:00:04]} Rc4 {[%clk 0:00:21]} 0-1

[Event "Team Championship Russia (Blitz, Men)"]
[Site "Sochi"]
[Date "2018.10.10"]
[Round "7.4"]
[White "Gutenev, Alexander"]
[Black "Indjic, Aleksandar"]
[Result "0-1"]
[BlackElo "2606"]
[WhiteElo "2440"]
[LiveChessVersion "1.4.8"]

1. e4 {[%clk 0:03:02]} c5 {[%clk 0:03:03]} 2. Nf3 {[%clk 0:03:03]} d6
{[%clk 0:03:05]} 3. d4 {[%clk 0:03:05]} cxd4 {[%clk 0:03:06]} 4. Nxd4
{[%clk 0:03:06]} Nf6 {[%clk 0:03:07]} 5. Nc3 {[%clk 0:03:07]} a6 {[%clk 0:03:07]}
6. h3 {[%clk 0:03:08]} e5 {[%clk 0:03:07]} 7. Nb3 {[%clk 0:03:09]} Be6
{[%clk 0:02:58]} 8. g4 {[%clk 0:03:09]} h6 {[%clk 0:02:54]} 9. Bg2
{[%clk 0:02:51]} Nbd7 {[%clk 0:02:54]} 10. Be3 {[%clk 0:02:36]} Rc8
{[%clk 0:02:52]} 11. O-O {[%clk 0:02:10]} Be7 {[%clk 0:02:50]} 12. a4
{[%clk 0:02:01]} O-O {[%clk 0:02:50]} 13. a5 {[%clk 0:02:00]} Nh7
{[%clk 0:02:36]} 14. Qd2 {[%clk 0:01:44]} Rc6 {[%clk 0:02:31]} 15. Rfc1
{[%clk 0:01:30]} Bg5 {[%clk 0:02:31]} 16. Nd5 {[%clk 0:01:23]} Bxe3
{[%clk 0:02:30]} 17. Nxe3 {[%clk 0:01:21]} Ng5 {[%clk 0:02:21]} 18. Nf5
{[%clk 0:01:18]} Nf6 {[%clk 0:01:44]} 19. Qd3 {[%clk 0:01:11]} Bc4
{[%clk 0:01:42]} 20. Qe3 {[%clk 0:01:04]} Ne6 {[%clk 0:01:43]} 21. Nd2
{[%clk 0:01:03]} Nf4 {[%clk 0:01:39]} 22. Nxc4 {[%clk 0:00:59]} Rxc4
{[%clk 0:01:40]} 23. b3 {[%clk 0:00:26]} Rc6 {[%clk 0:01:07]} 24. c4
{[%clk 0:00:27]} g6 {[%clk 0:01:08]} 25. Ng3 {[%clk 0:00:26]} Nd7
{[%clk 0:01:09]} 26. Rd1 {[%clk 0:00:27]} Nc5 {[%clk 0:01:07]} 27. Kh2
{[%clk 0:00:19]} Nce6 28. Bf3 Qh4 {[%clk 0:01:06]} 29. Bg2 {[%clk 0:00:21]} Nxg2
{[%clk 0:01:01]} 30. Kxg2 {[%clk 0:00:22]} Nf4+ {[%clk 0:01:02]} 31. Kf3
{[%clk 0:00:23]} Nxh3 {[%clk 0:00:59]} 32. Rh1 {[%clk 0:00:21]} Qf6+
{[%clk 0:00:52]} 33. Kg2 {[%clk 0:00:15]} Nf4+ {[%clk 0:00:53]} 34. Kg1
{[%clk 0:00:18]} Qg5 {[%clk 0:00:53]} 35. Qf3 {[%clk 0:00:15]} b6
{[%clk 0:00:54]} 36. axb6 {[%clk 0:00:14]} Rxb6 {[%clk 0:00:55]} 37. Rb1
{[%clk 0:00:10]} Rfb8 {[%clk 0:00:55]} 38. Qd1 {[%clk 0:00:07]} a5
{[%clk 0:00:54]} 39. Kh2 {[%clk 0:00:05]} a4 {[%clk 0:00:53]} 40. b4
{[%clk 0:00:06]} Rxb4 {[%clk 0:00:52]} 41. Rxb4 {[%clk 0:00:07]} Rxb4
{[%clk 0:00:53]} 42. Qf3 {[%clk 0:00:04]} Rb2 {[%clk 0:00:52]} 43. Rd1
{[%clk 0:00:04]} Rxf2+ {[%clk 0:00:40]} 44. Qxf2 {[%clk 0:00:04]} Qh4+
{[%clk 0:00:41]} 45. Kg1 {[%clk 0:00:05]} Nh3+ {[%clk 0:00:42]} 46. Kg2
{[%clk 0:00:06]} Nxf2 47. Kxf2 {[%clk 0:00:07]} Qxg4 {[%clk 0:00:43]} 48. Rxd6
{[%clk 0:00:07]} a3 {[%clk 0:00:44]} 49. Ra6 {[%clk 0:00:08]} Qf4+
{[%clk 0:00:45]} 50. Kg2 {[%clk 0:00:10]} Qd2+ {[%clk 0:00:47]} 51. Kf3
{[%clk 0:00:11]} a2 {[%clk 0:00:48]} 52. Ne2 {[%clk 0:00:11]} Qd3+
{[%clk 0:00:47]} 53. Kf2 {[%clk 0:00:13]} Qxc4 {[%clk 0:00:48]} 54. Ra8+
{[%clk 0:00:14]} Kg7 {[%clk 0:00:49]} 55. Ke3 {[%clk 0:00:15]} Qb3+
{[%clk 0:00:49]} 56. Kd2 {[%clk 0:00:16]} Qb2+ {[%clk 0:00:50]} 0-1

[Event "Team Championship Russia (Blitz, Men)"]
[Site "Sochi"]
[Date "2018.10.10"]
[Round "7.5"]
[White "Paravyan, David"]
[Black "Grachev, Boris"]
[Result "1/2-1/2"]
[BlackElo "2646"]
[WhiteElo "2634"]
[LiveChessVersion "1.4.8"]

1. d4 {[%clk 0:03:04]} d5 {[%clk 0:03:03]} 2. c4 {[%clk 0:03:05]} e6
{[%clk 0:03:04]} 3. Nf3 {[%clk 0:03:06]} Nf6 {[%clk 0:03:06]} 4. g3
{[%clk 0:03:07]} dxc4 {[%clk 0:03:07]} 5. Bg2 {[%clk 0:03:08]} Bd7
{[%clk 0:03:08]} 6. Ne5 {[%clk 0:02:43]} Bc6 {[%clk 0:03:10]} 7. Nxc6
{[%clk 0:02:44]} Nxc6 {[%clk 0:03:11]} 8. e3 Qd7 9. O-O {[%clk 0:02:35]} Rd8
{[%clk 0:03:13]} 10. Qe2 {[%clk 0:02:18]} e5 {[%clk 0:03:09]} 11. Rd1
{[%clk 0:02:09]} Be7 {[%clk 0:02:50]} 12. d5 {[%clk 0:02:03]} Nb4
{[%clk 0:02:24]} 13. Qxc4 {[%clk 0:01:52]} Nbxd5 {[%clk 0:01:56]} 14. Nc3
{[%clk 0:01:50]} c6 {[%clk 0:01:44]} 15. e4 {[%clk 0:01:47]} Qg4 {[%clk 0:01:34]}
16. h3 {[%clk 0:01:06]} Nb6 {[%clk 0:01:34]} 17. Rxd8+ {[%clk 0:01:04]} Bxd8
{[%clk 0:01:35]} 1/2-1/2